Paskov : místo pro poznání, pohodu a odpočinek /

Main Author: Lysek, Miroslav, 1963-
Language: Czech
Published: Paskov : Město Paskov, 2018
Edition: První vydání
Physical Description: 35 stran : barevné ilustrace, mapy ; 22 cm
Book
Saved in:
LEADER 01594nam a2200457 i 4500
001 nkc20182971364
003 CZ PrNK
005 20260601092908.0
007 ta
008 180528s2018 xr ab e f 000 0 cze
015 |a cnb002971364 
020 |a 978-80-270-3383-6  |q (brožováno) 
035 |a (OCoLC)1043891767 
040 |a ABA001  |b cze  |e rda 
043 |a e-xr---  |b e-xr-mo  |2 czenas 
072 7 |a 908(437)  |x Vlastivěda Česka a Slovenska  |2 Konspekt  |9 8 
080 |a 908(437.326)  |2 MRF 
080 |a (036)  |2 MRF 
080 |a (084.12)  |2 MRF 
100 1 |a Lysek, Miroslav,  |d 1963-  |7 jx20110726013  |4 aut  |4 pht 
245 1 0 |a Paskov :  |b místo pro poznání, pohodu a odpočinek /  |c Miroslav Lysek 
250 |a První vydání 
264 1 |a Paskov :  |b Město Paskov,  |c 2018 
300 |a 35 stran :  |b barevné ilustrace, mapy ;  |c 22 cm 
336 |a text  |b txt  |2 rdacontent 
336 |a statický obraz  |b sti  |2 rdacontent 
337 |a bez média  |b n  |2 rdamedia 
338 |a svazek  |b nc  |2 rdacarrier 
500 |a Název z obálky 
500 |a 1500 výtisků 
651 7 |a Paskov (Česko)  |7 ge130373  |x vlastivěda  |2 czenas 
651 9 |a Paskov (Czechia)  |x description and travel  |2 eczenas 
655 7 |a informační publikace  |7 fd132454  |2 czenas 
655 7 |a fotografické publikace  |7 fd132276  |2 czenas 
655 9 |a information publications  |2 eczenas 
655 9 |a photographical works  |2 eczenas 
910 2 |a BOA001  |b 2-1410.182 
990 |a BK 
995 |a 01 
991 |b 201806  |c NOV 
996 6 |b 2610746614  |c 2-1410.182  |l MZK  |r Sklad / do 1 hodiny  |n 0  |p p.v.  |w 001669945  |u 000010  |a 1  |e BOA001  |j MZK50  |s P